000 00475nmm a2200169Ia 4500
008 251105s9999||||xx |||||||||||||||||und||
020 _a9788497426596
041 _aspa
100 _aMorales, Carlos Javier
245 0 _aNueva estación
264 _a[Madrid, España] :
_bBiblioteca Nueva,
_c2007
300 _a172 páginas
490 _aPoesía clásica y moderna
650 _aSpanish poetry
856 _uhttps://public.digitaliapublishing.com/a/9929
942 _cCF
999 _c90327
_d90327